Регионална библиотека "Любен Каравелов" - Русе

Histoires surprenantes et contes captivants (Запис номер 129989)

MARC детайли
000 -Лидер
Контролно поле с фиксирана дължина 01559nam a2200373 c 4500
003 - Код на организацията, давaща контролен номер
Контролно поле BLK
005 - Дата и час на последна редакция
Контролно поле 20180422111443.0
008 - Елементи от данни с фиксирана дължина
fixed length control field 180409b bul|||||r ||||||| ||bul||
010 ## - Наследен системен номер
LC control number KNG00135734000
040 ## - Източник на каталожния запис
Идентификатор на билиотеката - собственик на записа BLK
041 ## - Код за език
Код за езика на текст/звукозапис или на отделно заглавие Френски
Код за езика КДБФ Френски
080 ## - УДК
Текстов определител УДК Българска литература
УДК код - определител по УДК 821.163.2
УДК определител -93-1
УДК - код + определител 821.163.2-93-1
100 1# - Редна дума - Автор
Автор Bosev, Asen Ivanov
Авторска отговорност първи автор
R(LIN) 5785
139 ## - Редно поле
Редна дума Bosev, Asen Ivanov
Авторски знак Bos - B 79
245 10 - Сведения за заглавието
Заглавие Histoires surprenantes et contes captivants
Редно поле (дума) Asen Ivanov Bosev; trad. Georges Asen Dzivgov; ill. Boris Dimovski; * Асен Иванов Босев; * Георги-Асен Дзивгов; * Борис Илиев Димовски.
257 ## - Страна на издаване
Страна на създаване/издаване България
260 ## - Област на издателските данни
-- Sofia
Име на издателя, разпространителя и проч. Sofia-Presse
Година на издаване 1972
Печатница София : Д. Благоев
300 ## - Физическа характеристика
Страници 80 с.
Илюстрации и др. с ил., 1 л. портр.
Размери/Мащаб 23 см
380 ## - Жанр
Жанр Детска худож. лит.
500 ## - Общи забележки
Забележка Ориг. загл. Истории славни и случки забавни. - 5 100 тир.
653 ## - Ключова дума – ненормативна
Ключова дума стихотворения за деца
653 ## - Ключова дума – ненормативна
Ключова дума литература за деца
653 ## - Ключова дума – ненормативна
Ключова дума детска литература
700 1# - Други автори (авторска отговорност)
Лично име Dzivgov, Georges Asen
Автороска отговорност (Описва отношението между автора и произведението) trad.
9 (RLIN) 321953
700 1# - Други автори (авторска отговорност)
Лично име Dimovski, Boris
Автороска отговорност (Описва отношението между автора и произведението) ill.
9 (RLIN) 321718
700 1# - Други автори (авторска отговорност)
Лично име Босев, Асен Иванов
Автороска отговорност (Описва отношението между автора и произведението) *
9 (RLIN) 363513
700 1# - Други автори (авторска отговорност)
Лично име Дзивгов, Георги-Асен
Автороска отговорност (Описва отношението между автора и произведението) *
9 (RLIN) 321954
700 1# - Други автори (авторска отговорност)
Лично име Димовски, Борис Илиев
Автороска отговорност (Описва отношението между автора и произведението) *
9 (RLIN) 363792
852 ## - Местоположение
Форматна сигнатура Цб 256764
856 4# - Електронен адрес и достъп
Електронен формат pdf - файл
Път до файла /url/
856 4# - Електронен адрес и достъп
Електронен формат pdf - файл
Път до файла /url/
942 ## - АРТИКУЛИ
Вид на библиотечния материал Книги
Скрит в OPAC Не
944 ## - СЪЗДАВАНЕ И РЕДАКЦИЯ на ЗАПИСА
Създаване/Редакция Създаване
Дата на регистрацията/редакция 31.10.2012
Статус, дата на статуса ф / 31.10.2012
Служител, извършил регистрацията/редакцията Елица_Владова
944 ## - СЪЗДАВАНЕ И РЕДАКЦИЯ на ЗАПИСА
Създаване/Редакция Редакция
Дата на регистрацията/редакция 31.10.2012
Статус, дата на статуса ф / 31.10.2012
Служител, извършил регистрацията/редакцията
999 ## - СИСТЕМНИ КОНТРОЛНИ НОМЕРА
Koha biblionumber 129989
Koha biblioitemnumber 129989
Наличности
Код за отписване Код за изгубен артикул Източник на класификационната схема Код за повреда Коз за рестрикции Код за отдаване Артикулен № Име на библиотеката - собственик Име на библиотеката, в която се намира в момента Статус (Текущо местоположение) Дата на вписване в системата Местоположение - отдел Цена в лева Инвентарен номер Систематично азбучна сигнатура Баркод Номер на екземпляра Цена в евро Служебна бележка Служебен тип на артикула
  Не е изгубен Universal Decimal Classification Не е повреден без рестрикции ползва се в читалня 211377 Регионална библиотека "Любен Каравелов" Русе Регионална библиотека "Любен Каравелов" Русе Хранилище 1972-01-01 Хранилище 0.40 112328 Цб 256764 120000112328 1 0.20 N: стар фонд Дата: 01.01.1972 Книги
Изтеглен Не е изгубен Universal Decimal Classification Не е повреден без рестрикции заемане за дома 211378 Регионална библиотека "Любен Каравелов" Русе Регионална библиотека "Любен Каравелов" Русе Детски отдел 1972-01-01 Детски отдел 0.38 167940 ДХ 886.7/B 79 167940 2 0.19 N: стар фонд Дата: 01.01.1972 Дата инв: 14.08.2015 Бележки инв: Д2015 Книги
Vip Innovations Ltd, Rousse, Bulgaria 2025